000 00468nam a22001697a 4500
005 20260106122700.0
008 260106b |||||||| |||| 00| 0 eng d
037 _cDSWL
040 _aDSWL
_cDSWL
041 _heng
245 _aAging issues in India
260 _aJaipur,
_bRawat Publication,
_c2024
300 _a396p
365 _aINR
_b2195
942 _2CC
_cTEXL
_n0
999 _c1467022
_d1467022